Mrkev miluje rajčata : tajemství úspěšného zahrádkáře /

Main Author: Riotte, Louise, 1909-1998
Other Authors: Podhajská, Zdenka, 1945-
Language: Czech
Published: Praha : Euromedia Group, 2011
Edition: Vyd. 2.
Subjects:
Physical Description: 176 s. : il. ; 24 cm
Book
Saved in:
LEADER 01592nam a2200457 a 4500
001 nkc20112193956
003 CZ PrNK
005 20110823095535.0
007 ta
008 110530s2011 xr a e f 001 0 cze
015 |a cnb002193956 
020 |a 978-80-86938-89-9  |q (váz.) 
035 |a (OCoLC)752795137 
040 |a OLA001  |b cze  |d BOA001  |d ABA001 
041 1 |a cze  |h eng 
072 7 |a 635  |x Zahrádkářství  |2 Konspekt  |9 24 
080 |a 634/635:631.147  |2 MRF 
080 |a 635.1/.8  |2 MRF 
080 |a 634.1/.8  |2 MRF 
080 |a (035)  |2 MRF 
100 1 |a Riotte, Louise,  |d 1909-1998  |7 xx0071446  |4 aut 
245 1 0 |a Mrkev miluje rajčata :  |b tajemství úspěšného zahrádkáře /  |c Louise Riotteová ; [z anglického originálu ... přeložila Zdenka Podhajská] 
250 |a Vyd. 2. 
260 |a Praha :  |b Euromedia Group,  |c 2011 
300 |a 176 s. :  |b il. ;  |c 24 cm 
500 |a Obsahuje rejstřík 
650 0 7 |a zelenina  |7 ph116750  |2 czenas 
650 0 7 |a ovocné dřeviny  |7 ph115632  |2 czenas 
650 0 7 |a ekologické zahrádkářství  |7 ph134767  |2 czenas 
650 0 9 |a vegetables  |2 eczenas 
650 0 9 |a fruit woody plants  |2 eczenas 
650 0 9 |a ecological gardening  |2 eczenas 
655 7 |a příručky  |7 fd133209  |2 czenas 
655 9 |a handbooks and manuals  |2 eczenas 
700 1 |a Podhajská, Zdenka,  |d 1945-  |7 jk01100191  |4 trl 
765 0 |t Carrots love tomatoes  |9 Česky 
910 2 |a BOA001  |b 2-1269.957 
990 |a BK 
995 |a 01 
991 |b 201108  |c NOV  |e n 
996 6 |b 2610484669  |c 2-1269.957  |l MZK  |r Sklad / do 1 hodiny  |n 3  |p p.v.  |w 001193617  |u 000010  |a 1  |e BOA001  |j MZK50  |s P